书目信息 |
| 题名: |
美国一览
|
|
| 作者: | 周敏 , 沈明德 主编 | |
| 分册: | ||
| 出版信息: | 北京 中国地图出版社 2002.3 |
|
| 页数: | 247页 | |
| 开本: | 28cm | |
| 丛书名: | ||
| 单 册: | ||
| 中图分类: | K971.2 | |
| 科图分类: | ||
| 主题词: | ||
| 电子资源: | ||
| ISBN: | 7-5031-2283-8 | |
| 000 | 00694nam0 2200241 45 | |
| 001 | 012004000000 | |
| 005 | 20041028153210.03 | |
| 010 | @a7-5031-2283-8@dCNY 58.00 | |
| 100 | @a20040916d2002 em y0chiy0121 ea | |
| 101 | 0 | @achi |
| 102 | @aCN@b110000 | |
| 105 | @aakb z 000yy | |
| 200 | 1 | @a美国一览@Amei guo yi lan@dUSA guide atlas@f周敏, 沈明德等主编@zeng |
| 210 | @a北京@c中国地图出版社@d2002.3 | |
| 215 | @a247页@c图, 表格, 地图@d28cm | |
| 320 | @a本书含附录 | |
| 510 | 1 | @aUSA guide atlas@zeng |
| 607 | @a美国@x概况 | |
| 690 | @aK971.2@v4 | |
| 701 | 0 | @a周敏@Azhou min@4主编 |
| 701 | 0 | @a沈明德@Ashen ming de@4主编 |
| 801 | 0 | @aCN@bQSSKxf@c20041028 |
| 905 | @a10447@dK971.2@eZ785 | |
| 美国一览=USA guide atlas/周敏, 沈明德等主编.-北京:中国地图出版社,2002.3 |
| 247页:图, 表格, 地图;28cm |
| ISBN 7-5031-2283-8:CNY 58.00 |
| ● |
| 相关链接 |
|
|
|
正题名:美国一览
索取号:K971.2/Z785
 
预约/预借
| 序号 | 登录号 | 条形码 | 馆藏地/架位号 | 状态 | 备注 |
| 1 | 423562 | 204235620 | 社科库309/309社科库 29排4列4层/ [索取号:K971.2/Z785] | 在馆 | |
| 2 | 423563 | 204235639 | 社科库309/309社科库 29排4列4层/ [索取号:K971.2/Z785] | 在馆 | |
| 3 | 423564 | 204235648 | 社科库309/309社科库 29排4列4层/ [索取号:K971.2/Z785] | 在馆 |